LEADER 01049nam0 22002291i 450 001 UON00091789 005 20231205102514.215 100 $a20020107d1979 |0itac50 ba 101 $aita 102 $aIT 105 $a|||| ||||| 200 1 $aGiuseppe Morisani 1720-1777, vita ed opere$eAtti del Convegno di Studi per il Bicentenario 210 $aRoma$cs.e.$d1979 200 p.$ctav.ill. ; 25 cm In testa al front.$cDep. di Storia Patria per la Calabria ; Associazione degli Amici del Museo Nazionale di Reggio Calabria Reggio Calabria, 6-28 dic. 1977 620 $aIT$dRoma$3UONL000004 686 $aA2$cSTORIA DELLA STORIOGRAFIA$2A 702 1$aMORISANI$bGiuseppe$3UONV059111 801 $aIT$bSOL$c20240220$gRICA 899 $aSIBA - SISTEMA BIBLIOTECARIO DI ATENEO$2UONSI 912 $aUON00091789 950 $aSIBA - SISTEMA BIBLIOTECARIO DI ATENEO$dSI A 2 038 $eSI MC 4982 5 996 $aGiuseppe Morisani 1720-1777, vita ed opere$91304043 997 $aUNIOR LEADER 01346nam0 22003371i 450 001 UON00294441 005 20231205103936.121 010 $a978-31-10-18604-8 100 $a20070509d2006 |0itac50 ba 101 $aeng 102 $aDE 105 $a|||| ||||| 200 1 $aCorpus-Based Approaches to Metaphor and Metonymy$fed. by Anatol Stefanowitsch, Stefan Th. Gries 210 $aBerlin$aNew York$cMouton de Gruyter$d2006 215 $a319 p.$d23 cm 410 1$1001UON00087195$12001 $aTrends in Linguistics. Studies and monographs$feditor Werner Winter$v171 606 $aGRAMMATICA COGNITIVA$3UONC034076$2FI 606 $aMetafora$3UONC023794$2FI 606 $aMetonimia$3UONC052806$2FI 620 $aUS$dNew York$3UONL000050 620 $aDE$dBerlin$3UONL003157 676 $a415$cGrammatica$v21 702 1$aGRIES$bStefan Th.$3UONV155729 702 1$aSTEFANOWITSCH$bAnatol$3UONV170054 712 $aMouton de Gruyter$3UONV256891$4650 801 $aIT$bSOL$c20250131$gRICA 899 $aSIBA - SISTEMA BIBLIOTECARIO DI ATENEO$2UONSI 912 $aUON00294441 950 $aSIBA - SISTEMA BIBLIOTECARIO DI ATENEO$dSI GLOTT A 7 II 012 $eSI MC 31149 7 012 996 $aCorpus-Based Approaches to Metaphor and Metonymy$91252533 997 $aUNIOR